00342nam a2200157Ia 4500008004000000041000800040082001200048100002000060245003100080260002600111650000800137650001000145650000700155650001100162650001100173210210b1958 xxu||||| |||| 00| 0 eng d aeng a320/348 aLOBO (Albert S) aGrowth of the modern state abNot Mentionedc1958 athe astate aof amodern aGrowth